000 02560nam a22002537a 4500
005 20260216152911.0
008 220506b ||||| |||| 00| 0 eng d
020 _a9781612680194
040 _cAloy
041 _aeng
082 _223
_a332.024
_bKIYR
100 _aRobert T Kiyosaki
_9255148
245 _aRich dad poor dad:
_bWith updates for todays world and nine new study session sections
260 _bPlata Publishing,
_c2017.
_aScottsdale:
300 _axi,352p.
_bPB
_c17x11cm
365 _2General
_a431
_b399.00
_c
_d499.00
_e20%
_f30-04-2022
520 _aIt's been nearly 25 years since Robert Kiyosaki’s Rich Dad Poor Dad first made waves in the Personal Finance arena. It has since become the #1 Personal Finance book of all time... translated into dozens of languages and sold around the world. Rich Dad Poor Dad is Robert's story of growing up with two dads — his real father and the father of his best friend, his rich dad — and the ways in which both men shaped his thoughts about money and investing. The book explodes the myth that you need to earn a high income to be rich and explains the difference between working for money and having your money work for you. 20 Years... 20/20 Hindsight In the 20th Anniversary Edition of this classic, Robert offers an update on what we’ve seen over the past 20 years related to money, investing, and the global economy. Sidebars throughout the book will take readers “fast forward” — from 1997 to today — as Robert assesses how the principles taught by his rich dad have stood the test of time. In many ways, the messages of Rich Dad Poor Dad, messages that were criticized and challenged two decades ago, are more meaningful, relevant and important today than they were 20 years ago. As always, readers can expect that Robert will be candid, insightful... and continue to rock more than a few boats in his retrospective. Will there be a few surprises? Count on it. Rich Dad Poor Dad... • Explodes the myth that you need to earn a high income to become rich • Challenges the belief that your house is an asset • Shows parents why they can't rely on the school system to teach their kids about money • Defines once and for all an asset and a liability • Teaches you what to teach your kids about money for their future financial success
650 _aFinancial Economics
_934196
650 _aEconomics
_934197
650 _aHistory of Taxes
_934204
650 _aRich Invent Money
_934205
700 _aKiyosaki, Robert T
_934198
942 _2ddc
_cBK
999 _c222800
_d222800